000
00331nam a22001577a 4500
003
SGT
020
_a
9789374736425
082
_a
617.3
_b
B21K
100
_a
KOLEY, SHYAMAL
245
_a
TB. OF BIOMECHANICS
250
_a
1ST
260
_a
INDIA
_b
AITBS PUB
_c
2021
300
_a
318
650
_a
PHYSIOTHERAPY
942
_2
ddc
_c
BK
999
_c
21988
_d
21988